[Event "Quebec op U2000"]
[Site "Ste Foy"]
[Date "2017.08.15"]
[Round "5.29"]
[White "Boulianne, Gabriel"]
[Black "Genest, Dominic"]
[Result "1-0"]
[WhiteElo "1832"]
[BlackElo "1757"]
[PlyCount "85"]
[EventDate "2017.08.12"]
[EventType "swiss"]
[EventRounds "9"]
[EventCountry "CAN"]
[SourceTitle "EXT 2022"]
[Source "ChessBase"]
[SourceDate "2021.10.06"]
[SourceVersion "1"]
[SourceVersionDate "2021.10.06"]
[SourceQuality "1"]

1. e4 c5 2. Nf3 d6 3. d4 cxd4 4. Nxd4 Nf6 5. Nc3 g6 6. f4 Nc6 7. Nxc6 bxc6 8. e5 Nd7 9. Qf3 d5 10. b3 e6 11. Be2 a5 12. 0-0 Ba6 13. Bb2 Bxe2 14. Qxe2 Qb6+ 15. Kh1 a4 16. Rab1 axb3 17. axb3 Bb4 18. Na4 Qb5 19. Qf2 h5 20. Ra1 0-0 21. Rfc1 Qb7 22. Bd4 Be7 23. Nc5 Nxc5 24. Bxc5 Bxc5 25. Qxc5 Rfb8 26. h3 Ra6 27. Qc3 Rb6 28. Ra5 Rb4 29. g3 Rb5 30. Rca1 c5 31. Ra7 Qc6 32. R1a6 R5b6 33. Qa5 d4+ 34. Kh2 Rxa6 35. Qxa6 Qf3 36. Qd6 Qf2+ 37. Kh1 Qe1+ 38. Kh2 Qe2+ 39. Kh1 Qd1+ 40. Kh2 Qxc2+ 41. Kg1 Rxb3 42. Qd8+ Kg7 43. Qf6+ 1-0

[Event "Quebec Millenium"]
[Site "Quebec"]
[Date "2016.11.28"]
[Round "5"]
[White "Halhal, Sami"]
[Black "Boulianne, Gabriel"]
[Result "1-0"]
[WhiteElo "1808"]
[BlackElo "1862"]
[PlyCount "44"]
[EventDate "2016.10.31"]
[EventType "swiss"]
[EventRounds "5"]
[EventCountry "CAN"]
[SourceTitle "EXT 2022"]
[Source "ChessBase"]
[SourceDate "2021.10.06"]
[SourceVersion "1"]
[SourceVersionDate "2021.10.06"]
[SourceQuality "1"]

1. d4 Nf6 2. Nc3 d5 3. e4 dxe4 4. f3 exf3 5. Nxf3 e6 6. Bd3 c5 7. Be3 Nbd7 8. 0-0 Be7 9. Qe1 a6 10. Rd1 Qc7 11. Bg5 cxd4 12. Ne4 0-0 13. Nxf6+ Bxf6 14. Qh4 h6 15. Qe4 g6 16. Bxh6 Re8 17. Ng5 Nc5 18. Qh4 Qe5 19. Rxf6 Qxf6 20. Rf1 Qe5 21. Rxf7 Qe3+ 22. Kh1 Qe1+ 1-0

[Event "Quebec Montcalm op"]
[Site "Quebec"]
[Date "2016.01.10"]
[Round "4"]
[White "Sarra Bournet, Marc"]
[Black "Boulianne, Gabriel"]
[Result "0-1"]
[WhiteElo "1872"]
[BlackElo "1896"]
[PlyCount "90"]
[EventDate "2016.01.08"]
[EventType "swiss"]
[EventRounds "5"]
[EventCountry "CAN"]
[SourceTitle "EXT 2022"]
[Source "ChessBase"]
[SourceDate "2021.10.06"]
[SourceVersion "1"]
[SourceVersionDate "2021.10.06"]
[SourceQuality "1"]

1. e4 c5 2. Nc3 Nc6 3. f4 g6 4. Nf3 Bg7 5. Bc4 e6 6. f5 Nge7 7. d3 gxf5 8. Bg5 fxe4 9. dxe4 a6 10. Qd6 Qa5 11. 0-0 Bxc3 12. bxc3 Qxc3 13. Bxe7 Nxe7 14. Rad1 Ng6 15. Bd3 c4 16. Qc7 b5 17. Kh1 Qg7 18. Be2 Rg8 19. Rf2 e5 20. Rd5 f6 21. g3 h5 22. Nxe5 Nxe5 23. Bxh5+ Nf7 24. e5 Qh7 25. Bxf7+ Qxf7 26. Rd4 f5 27. Kg1 Qe6 28. Re2 Qc6 29. Qxc6 dxc6 30. Rd6 Ke7 31. Rxc6 Rd8 32. Rh6 Be6 33. h4 Rh8 34. Rxh8 Rxh8 35. c3 Rd8 36. Kf2 Rd3 37. Rc2 Bd5 38. h5 Be4 39. Rc1 Rf3+ 40. Ke2 Rxg3 41. a3 Rh3 42. Kf2 Rxh5 43. Ke3 Rh1 44. Rxh1 Bxh1 45. Kd4 Ke6 0-1

[Event "Montcalm-ch"]
[Site "Quebec"]
[Date "2015.04.30"]
[Round "1"]
[White "Boulianne, Gabriel"]
[Black "Genest, Dominic"]
[Result "1-0"]
[WhiteElo "1870"]
[BlackElo "1728"]
[PlyCount "69"]
[EventDate "2015.04.30"]
[EventType "tourn"]
[EventRounds "5"]
[EventCountry "CAN"]
[SourceTitle "EXT 2019"]
[Source "ChessBase"]
[SourceDate "2018.10.10"]
[SourceVersion "1"]
[SourceVersionDate "2018.10.10"]
[SourceQuality "1"]

1. d4 d5 2. Nf3 Nf6 3. g3 c6 4. Bg2 Bf5 5. 0-0 Nbd7 6. c4 e6 7. Qb3 Qb6 8. c5 Qa6 9. Nc3 b6 10. cxb6 axb6 11. Re1 h6 12. Nd2 Be7 13. e4 Bg6 14. exd5 Nxd5 15. Nxd5 cxd5 16. Bxd5 Rd8 17. Bxe6 b5 18. Bh3 Nf6 19. Re5 Rxd4 20. Qe3 Qd6 21. Rxe7+ Qxe7 22. Qxd4 Qe1+ 23. Bf1 0-0 24. Qe3 Qd1 25. Qb3 Qe1 26. Nf3 Qe4 27. Bd2 Bh5 28. Bg2 Qf5 29. Nh4 Qd7 30. Be3 Rc8 31. Rc1 Rxc1+ 32. Bxc1 Bd1 33. Qc3 Ng4 34. Qd2 Qa7 35. h3 1-0

[Event "Montcalm VI 2014-15"]
[Site "Quebec"]
[Date "2015.03.26"]
[Round "1"]
[White "Abran, David"]
[Black "Boulianne, Gabriel"]
[Result "0-1"]
[WhiteElo "1860"]
[BlackElo "1825"]
[PlyCount "90"]
[EventDate "2015.03.26"]
[EventType "swiss"]
[EventRounds "5"]
[EventCountry "CAN"]
[SourceTitle "EXT 2019"]
[Source "ChessBase"]
[SourceDate "2018.10.10"]
[SourceVersion "1"]
[SourceVersionDate "2018.10.10"]
[SourceQuality "1"]

1. d4 Nf6 2. c4 e6 3. Nc3 Bb4 4. Nf3 0-0 5. Bg5 h6 6. Bxf6 Qxf6 7. e4 d6 8. e5 dxe5 9. dxe5 Bxc3+ 10. bxc3 Qe7 11. Bd3 Nd7 12. 0-0 Rd8 13. Qe2 Nc5 14. Bc2 b6 15. Nd4 Bb7 16. f4 g6 17. Rae1 h5 18. Qf2 Kh8 19. f5 gxf5 20. Nxf5 Qg5 21. Nd4 Rg8 22. Re2 Bxg2 23. Qf6+ Qxf6 24. Rxf6 Bf3+ 25. Kf2 Bxe2 26. Nxe2 Rg7 27. Nf4 Rd8 28. Ke3 Nd7 29. Rh6+ Kg8 30. Nxh5 Nxe5 31. Nf6+ Kf8 32. Rh8+ Ke7 33. Rxd8 Kxd8 34. Kd4 Nf3+ 35. Ke3 Nxh2 36. Bd1 Nf1+ 37. Kf2 Nd2 38. Be2 Nb1 39. c5 Nxc3 40. cxb6 axb6 41. Bc4 Ke7 42. Nh5 Rg5 43. Ng3 Rg4 44. Bb3 Ne4+ 45. Nxe4 Rxe4 0-1

[Event "Quebec Montcalm op 2 2014-15"]
[Site "Quebec"]
[Date "2014.11.06"]
[Round "5"]
[White "Abran, David"]
[Black "Boulianne, Gabriel"]
[Result "1-0"]
[WhiteElo "1821"]
[BlackElo "1819"]
[PlyCount "101"]
[EventDate "2014.10.09"]
[EventType "swiss"]
[EventRounds "5"]
[EventCountry "CAN"]
[SourceTitle "EXT 2022"]
[Source "ChessBase"]
[SourceDate "2021.10.06"]
[SourceVersion "1"]
[SourceVersionDate "2021.10.06"]
[SourceQuality "1"]

1. Nf3 Nf6 2. g3 g6 3. c4 Bg7 4. Bg2 0-0 5. Nc3 c5 6. d4 cxd4 7. Nxd4 Nc6 8. e3 a6 9. 0-0 e6 10. b3 Qa5 11. Bb2 Nxd4 12. exd4 d5 13. Qe2 Bd7 14. a4 Rfe8 15. f4 Bc6 16. Rfd1 Rac8 17. c5 b6 18. Qd2 Nd7 19. cxb6 Qxb6 20. Bf1 Bb7 21. a5 Qa7 22. Na4 e5 23. Kh1 e4 24. Rac1 Bc6 25. Nc5 Bb5 26. Bxb5 axb5 27. b4 Nf6 28. Qe2 Qb8 29. Rc2 Rc6 30. Bc1 h5 31. h3 Rec8 32. Be3 Ne8 33. Rdc1 Nd6 34. Nd7 Qb7 35. Rxc6 Rxc6 36. Rxc6 Qxc6 37. Nc5 Nc4 38. Bg1 Bf8 39. Kg2 Bxc5 40. dxc5 f5 41. Bd4 Kf7 42. Qf2 Qe6 43. Kf1 e3 44. Qc2 Nd2+ 45. Ke2 Nc4 46. Qd3 Ke8 47. Bxe3 Kd7 48. Qd4 Kc6 49. a6 Kc7 50. Qg7+ Kc6 51. Qb7# 1-0

[Event "Quebec Montcalm op 2 2014-15"]
[Site "Quebec"]
[Date "2014.10.09"]
[Round "1"]
[White "Boulianne, Gabriel"]
[Black "Bluteau, Yvon"]
[Result "1/2-1/2"]
[WhiteElo "1819"]
[BlackElo "1756"]
[PlyCount "138"]
[EventDate "2014.10.09"]
[EventType "swiss"]
[EventRounds "5"]
[EventCountry "CAN"]
[SourceTitle "EXT 2022"]
[Source "ChessBase"]
[SourceDate "2021.10.06"]
[SourceVersion "1"]
[SourceVersionDate "2021.10.06"]
[SourceQuality "1"]

1. e4 b6 2. c4 Bb7 3. Nc3 c5 4. g3 Nc6 5. Bg2 g6 6. Nge2 Bg7 7. 0-0 d6 8. d3 Nf6 9. h3 0-0 10. Be3 Ne8 11. d4 cxd4 12. Nxd4 Nc7 13. Qd2 Qd7 14. Rad1 Ne6 15. Nxc6 Bxc6 16. b4 Rfd8 17. f4 Rac8 18. Rc1 Nc7 19. Rfd1 Qe8 20. b5 Bd7 21. a4 Ne6 22. Nd5 Nc5 23. Bd4 Bxd4+ 24. Qxd4 Nb3 25. Qe3 Nxc1 26. Rxc1 Be6 27. Nb4 Qf8 28. Nc6 Rd7 29. e5 dxe5 30. Qxe5 Qg7 31. Qe2 Qf6 32. Ne5 Rdc7 33. Nc6 Kf8 34. Rd1 Bd7 35. Ne5 Be8 36. Nc6 Bxc6 37. Bxc6 Rxc6 38. bxc6 Qxc6 39. Qe5 f6 40. Qd4 Qxa4 41. Re1 Qxc4 42. Qd7 Qc5+ 43. Kf1 Qc7 44. Rxe7 Qxd7 45. Rxd7 Ra8 46. Rxh7 Kg8 47. Rb7 a5 48. Rxb6 a4 49. Rb2 Kf7 50. Ra2 Ke6 51. Ke2 Kd5 52. Kd3 Kc5 53. Kc3 Kd5 54. Ra3 Ke4 55. Kb2 Rb8+ 56. Ka2 Rb4 57. Rc3 Kd5 58. Rd3+ Kc5 59. Re3 Rb3 60. Re6 Rxg3 61. Rxf6 Kb4 62. Rb6+ Kc5 63. Rf6 a3 64. f5 g5 65. Rg6 Kb4 66. Rb6+ Ka4 67. Ra6+ Kb4 68. Rb6+ Ka4 69. Ra6+ Kb4 1/2-1/2

[Event "Quebec Montcalm op 1 2014-15"]
[Site "Quebec"]
[Date "2014.09.25"]
[Round "4"]
[White "Lessard, Claude"]
[Black "Boulianne, Gabriel"]
[Result "1-0"]
[WhiteElo "2045"]
[BlackElo "1780"]
[PlyCount "71"]
[EventDate "2014.09.04"]
[EventType "swiss"]
[EventRounds "5"]
[EventCountry "CAN"]
[SourceTitle "EXT 2022"]
[Source "ChessBase"]
[SourceDate "2021.10.06"]
[SourceVersion "1"]
[SourceVersionDate "2021.10.06"]
[SourceQuality "1"]

1. Nf3 Nf6 2. b4 d5 3. Bb2 Bf5 4. g3 e6 5. a3 Bd6 6. Bg2 Nbd7 7. d3 h6 8. Nbd2 0-0 9. 0-0 Qe7 10. c4 c6 11. Re1 e5 12. cxd5 cxd5 13. Nh4 Be6 14. e4 d4 15. Nf5 Bxf5 16. exf5 Qd8 17. Bxb7 Rb8 18. Bg2 a5 19. Nc4 Bc7 20. Qd2 Re8 21. Bc6 Re7 22. b5 Nc5 23. Qd1 Nfd7 24. a4 Nb6 25. Nxb6 Rxb6 26. Ba3 Rxc6 27. bxc6 Bd6 28. Bxc5 Bxc5 29. f6 gxf6 30. Rc1 Qb6 31. Qg4+ Kh7 32. Qf5+ Kg7 33. Re4 Re6 34. Rg4+ Kf8 35. Qh7 Ke7 36. Rg7 1-0

[Event "Quebec Montcalm op 6 2013-14"]
[Site "Quebec"]
[Date "2014.04.17"]
[Round "5"]
[White "Boulianne, Gabriel"]
[Black "Cummins, Paul"]
[Result "1-0"]
[WhiteElo "1765"]
[BlackElo "1812"]
[PlyCount "85"]
[EventDate "2014.03.20"]
[EventType "swiss"]
[EventRounds "5"]
[EventCountry "CAN"]
[SourceTitle "EXT 2022"]
[Source "ChessBase"]
[SourceDate "2021.10.06"]
[SourceVersion "1"]
[SourceVersionDate "2021.10.06"]
[SourceQuality "1"]

1. d4 Nf6 2. c4 g6 3. Nc3 d5 4. cxd5 Nxd5 5. e4 Nxc3 6. bxc3 Bg7 7. Bc4 0-0 8. Ne2 c5 9. Be3 cxd4 10. cxd4 Nc6 11. Qa4 Bd7 12. Qa3 a6 13. Rc1 b5 14. Bd5 b4 15. Qd3 Rc8 16. 0-0 e6 17. Bc4 Nb8 18. Rfd1 Qa5 19. Rc2 Ba4 20. Bb3 Rxc2 21. Qxc2 Bb5 22. d5 exd5 23. Rxd5 Rd8 24. Nd4 Rxd5 25. Bxd5 Bd7 26. Qc4 b3 27. Nxb3 Qe1+ 28. Qf1 Qc3 29. Qd1 Qc8 30. h3 Nc6 31. Nd4 Nb4 32. Bxf7+ Kxf7 33. Qb3+ Be6 34. Nxe6 Qxe6 35. Qxb4 Be5 36. Qb3 Qxb3 37. axb3 Bc3 38. Kf1 Ke6 39. Ke2 Kd6 40. Kd3 Bb4 41. Kc4 a5 42. Bd4 Ke6 43. Bc3 1-0

[Event "Quebec Montcalm op 7 2012-13"]
[Site "Quebec"]
[Date "2013.05.09"]
[Round "3"]
[White "Doyon, Stephane"]
[Black "Boulianne, Gabriel"]
[Result "1/2-1/2"]
[WhiteElo "1756"]
[BlackElo "1767"]
[PlyCount "30"]
[EventDate "2013.04.25"]
[EventType "swiss"]
[EventRounds "5"]
[EventCountry "CAN"]
[SourceTitle "EXT 2022"]
[Source "ChessBase"]
[SourceDate "2021.10.06"]
[SourceVersion "1"]
[SourceVersionDate "2021.10.06"]
[SourceQuality "1"]

1. e4 e5 2. Nf3 Nc6 3. d4 exd4 4. Nxd4 Qh4 5. Nc3 Bb4 6. Qd3 Nf6 7. Nxc6 Bxc3+ 8. Qxc3 Qxe4+ 9. Be3 Qxc6 10. Qe5+ Qe6 11. Qxc7 Nd5 12. Qg3 Nxe3 13. Qxe3 Qxe3+ 14. fxe3 d5 15. 0-0-0 Be6 1/2-1/2

[Event "Quebec Montcalm op 5 2012-13"]
[Site "Quebec"]
[Date "2013.03.07"]
[Round "4"]
[White "Boulianne, Gabriel"]
[Black "Auger, Bertrand"]
[Result "1/2-1/2"]
[WhiteElo "1761"]
[BlackElo "1959"]
[PlyCount "87"]
[EventDate "2013.02.14"]
[EventType "swiss"]
[EventRounds "5"]
[EventCountry "CAN"]
[SourceTitle "EXT 2022"]
[Source "ChessBase"]
[SourceDate "2021.10.06"]
[SourceVersion "1"]
[SourceVersionDate "2021.10.06"]
[SourceQuality "1"]

1. Nf3 Nf6 2. d4 e6 3. c4 Bb4+ 4. Bd2 Be7 5. Nc3 d5 6. e3 0-0 7. Bd3 dxc4 8. Bxc4 c5 9. Na4 cxd4 10. exd4 Nc6 11. Be3 Bb4+ 12. Nc3 Nd5 13. Qc2 Qa5 14. Bd2 Rd8 15. 0-0 Bxc3 16. bxc3 Qc7 17. Bd3 h6 18. Rfe1 Nf4 19. Be4 Bd7 20. Ne5 Nxe5 21. Bxf4 Nf3+ 22. Bxf3 Qxf4 23. Bxb7 Rab8 24. Bf3 Rbc8 25. Rab1 Qxd4 26. Red1 Ba4 27. Rxd4 Bxc2 28. Rc1 Bf5 29. Ra4 Rc7 30. g3 Rd3 31. Kg2 Bh3+ 32. Kxh3 Rxf3 33. Kg2 Rd3 34. c4 Rd4 35. Rc3 h5 36. Rca3 g6 37. Kf3 Rdd7 38. Ke3 Kg7 39. h4 Kf6 40. Rd3 Re7 41. Rda3 Red7 42. Rd3 Re7 43. Rda3 Red7 44. Rd3 1/2-1/2

[Event "Quebec Montcalm op"]
[Site "Quebec"]
[Date "2013.01.04"]
[Round "2"]
[White "Boulianne, Gabriel"]
[Black "Doyon, Stephane"]
[Result "1-0"]
[WhiteElo "1725"]
[BlackElo "1753"]
[PlyCount "85"]
[EventDate "2013.01.04"]
[EventType "swiss"]
[EventRounds "5"]
[EventCountry "CAN"]
[SourceTitle "EXT 2022"]
[Source "ChessBase"]
[SourceDate "2021.10.06"]
[SourceVersion "1"]
[SourceVersionDate "2021.10.06"]
[SourceQuality "1"]

1. d4 Nf6 2. c4 d6 3. Nc3 g6 4. e4 Bg7 5. f4 0-0 6. Nf3 c5 7. d5 e6 8. Bd3 exd5 9. cxd5 Bg4 10. h3 Bxf3 11. Qxf3 Nbd7 12. 0-0 a6 13. a4 Qc7 14. Be3 c4 15. Bc2 Nc5 16. Qf2 Nfd7 17. Rae1 Nd3 18. Bxd3 cxd3 19. Rc1 Nc5 20. Bxc5 dxc5 21. e5 Rfe8 22. Rfd1 c4 23. Qd4 Rab8 24. Ne4 b5 25. axb5 Rxb5 26. d6 Qb7 27. Rxc4 Rd5 28. Qc3 Qb6+ 29. Kh1 Qe3 30. Re1 Qb6 31. Rc6 Qb7 32. Rc7 Qa8 33. Rc1 d2 34. Rd1 Rb5 35. Nxd2 Qd5 36. Rc8 Rb8 37. Rxe8+ Rxe8 38. Qc7 Qa8 39. Rc1 Bh6 40. Rc4 Bf8 41. Ne4 Kg7 42. Ng5 Qd5 43. Rc5 1-0